| 000 | 00459 a2200157 4500 | ||
|---|---|---|---|
| 003 | OSt | ||
| 005 | 20231108102250.0 | ||
| 008 | 231108b |||||||| |||| 00| 0 eng d | ||
| 040 | _coclc | ||
| 082 |
_a920 _bKAR/M |
||
| 100 |
_aKareem, K K Muhammed Abdul _92123 |
||
| 245 |
_aKM Moulavi Jeevacharithram / _cK K Muhammed Abdul Kareem |
||
| 260 |
_aKerala: _bYuvatha _c2006. |
||
| 300 | _a152p | ||
| 942 |
_2ddc _cBK _h920 _iKAR/M _k920 _mKAR/M |
||
| 999 |
_c42879 _d42879 |
||